Outbreak: (Record no. 6410)
[ view plain ]
| 000 -LEADER | |
|---|---|
| fixed length control field | 01399nam a22002177a 4500 |
| 003 - CONTROL NUMBER IDENTIFIER | |
| control field | OSt |
| 005 - DATE AND TIME OF LATEST TRANSACTION | |
| control field | 20170321110604.0 |
| 008 - FIXED-LENGTH DATA ELEMENTS--GENERAL INFORMATION | |
| fixed length control field | 170321b xxu||||| |||| 00| 0 eng d |
| 020 ## - INTERNATIONAL STANDARD BOOK NUMBER | |
| International Standard Book Number | 978-1-62789-413-5 |
| 082 ## - DEWEY DECIMAL CLASSIFICATION NUMBER | |
| Edition number | 2015 |
| Classification number | AV-DVD 614.4 |
| Item number | Ed23 |
| 100 ## - MAIN ENTRY--PERSONAL NAME | |
| 9 (RLIN) | 19361 |
| Personal name | Edge, Dan |
| 245 ## - TITLE STATEMENT | |
| Title | Outbreak: |
| Remainder of title | why wasn't the Ebola outbreak stopped before it was too late?/ |
| Statement of responsibility, etc. | Dan Edge. |
| 260 ## - PUBLICATION, DISTRIBUTION, ETC. (IMPRINT) | |
| Place of publication, distribution, etc. | [United States] : |
| Name of publisher, distributor, etc. | WGBH Educational Foundation, |
| Date of publication, distribution, etc. | c2015. |
| 300 ## - PHYSICAL DESCRIPTION | |
| Extent | 1 videodisc : |
| Other physical details | sd., col. ; |
| Dimensions | 4 3/4 in. |
| Type of unit | DVD ; NTSC ; region 1 ; |
| Size of unit | Widescreen Version |
| 306 ## - PLAYING TIME | |
| Playing time | 60 minutes |
| 520 ## - SUMMARY, ETC. | |
| Summary, etc. | When the largest Ebola outbreak on record began to devastate West Africa, why did it take so long for the world to respond? This film tells the vivid, inside story of how and why the Ebola outbreak in West Africa wasn't stopped before it was too late, drawing on revelatory and candid admissions of failure from the key government and public health officials, including the President of Liberia, the Director of the Centers for Disease Control and Prevention, and multiple top World Health Organization officials. From the jungles of Guinea to the slums of Monrovia. Outbreak exposes tragic missteps in the response of the epidemic. |
| 650 #0 - SUBJECT ADDED ENTRY--TOPICAL TERM | |
| 9 (RLIN) | 19367 |
| Topical term or geographic name as entry element | Ebola virus disease |
| General subdivision | Prevention |
| 650 #0 - SUBJECT ADDED ENTRY--TOPICAL TERM | |
| 9 (RLIN) | 19368 |
| Topical term or geographic name as entry element | Ebola virus disease |
| Geographic subdivision | Africa, West |
| 650 #0 - SUBJECT ADDED ENTRY--TOPICAL TERM | |
| 9 (RLIN) | 19369 |
| Topical term or geographic name as entry element | Communication Disease |
| 942 ## - ADDED ENTRY ELEMENTS (KOHA) | |
| Source of classification or shelving scheme | Dewey Decimal Classification |
| Koha item type | Digital Video Disc |
| Withdrawn status | Lost status | Source of classification or shelving scheme | Damaged status | Not for loan | Collection code | Home library | Current library | Date acquired | Source of acquisition | Total Checkouts | Full call number | Barcode | Date last seen | Copy number | Price effective from | Koha item type |
|---|---|---|---|---|---|---|---|---|---|---|---|---|---|---|---|---|
| Dewey Decimal Classification | AV-DVD | UM Digos College - LIC | UM Digos College - LIC | 10/27/2016 | Purchased | AV-DVD 614.4 Ed23 2015 | 0515 | 05/15/2025 | 1 | 03/21/2017 | Digital Video Disc |
